|
|
|
|
| LEADER |
00709cam a2200217 7i4500 |
| 001 |
0000036609 |
| 005 |
20230316090000.0 |
| 007 |
##ta |
| 020 |
# |
# |
|a x
|
| 040 |
# |
# |
|a MATR
|
| 090 |
0 |
0 |
|a -
|b a
|
| 245 |
0 |
0 |
|a MALAYSIAN STANDARD :
|b Occupational health and safety management systems - Requirements with guidance for use
|c Department of Standards Malaysia.
|
| 264 |
# |
4 |
|a ♭.
|
| 264 |
# |
0 |
|a Cyberjaya:
|b Department of Standards Malaysia,
|c 2018.
|
| 300 |
# |
# |
|a ix, 40 pages;
|c 29 cm.
|
| 336 |
# |
# |
|a text
|2 rdacontent
|
| 337 |
# |
# |
|a unmediated
|2 rdamedia
|
| 338 |
# |
# |
|a volume
|2 rdacarrier
|
| 504 |
# |
# |
|a Includes bibliographical references and index
|
| 650 |
0 |
0 |
|a a
|
| 999 |
|
|
|a B000041290
|b Book
|c Malaysia
|e Business Information Centre
|